| 000 | 00753nam a22001937a 4500 | ||
|---|---|---|---|
| 003 | OSt | ||
| 005 | 20130604131314.0 | ||
| 008 | 130604s2000 sp ||||| |||||00| 0 cat d | ||
| 024 | _aB/43.890/77 | ||
| 040 | _cCDMR | ||
| 245 | 0 | 0 |
_aDiari de Vilanova _b: 150 anys |
| 260 |
_aVilanova i la Geltrú (Barcelona) _bEdicions del Garraf _c2000 |
||
| 300 | _a102 p. | ||
| 500 | _aNúmero especial dedicat al 150è aniversari (1850-2000) del diari, 1 d'agost de 2000 | ||
| 500 | _aAdjunta edició facsímil del 1r número del diari, publicat el 4 d'agost de 1850, com a "Diario de Villanueva de Ciencias, Literatura y Avisos" | ||
| 610 | 2 |
_93664 _aDiari de Vilanova _xHistòria |
|
| 610 | 2 |
_93664 _aDiari de Vilanova _xDirecció i administració |
|
| 942 |
_2udc _cMON |
||
| 999 |
_c6399 _d6399 |
||